Normal view
MARC view
- Dr. Muhammad Jawed Iqbal, major
Entry Personal Name
001 - CONTROL NUMBER
- control field: 48557
003 - CONTROL NUMBER IDENTIFIER
- control field: NUST
005 - DATE AND TIME OF LATEST TRANSACTION
- control field: 20210314134054.0
008 - FIXED-LENGTH DATA ELEMENTS
- fixed length control field: 210314|| aca||aabn | a|a d
040 ## - CATALOGING SOURCE
- Original cataloging agency: NUST
- Transcribing agency: NUST
100 ## - HEADING--PERSONAL NAME
- Personal name: Dr. Muhammad Jawed Iqbal, major
670 ## - SOURCE DATA FOUND
- Source citation: Work cat.: (NUST): Fatima Masood Ali 48555, Analysis of Role of Media in Disaster Reporting (Case-Study 2005 Earthquake and Flood 2010), c2014
